| 000 | 01495nam a2200289Ia 4500 | ||
|---|---|---|---|
| 999 |
_c50314 _d50314 |
||
| 001 | 17255 | ||
| 003 | GE_BSU | ||
| 005 | 20200207145630.0 | ||
| 008 | 181216s2012ge xx |||||||||||||| ||geo|| | ||
| 020 | _a 9789941436376 | ||
| 040 | _cGE_BSU | ||
| 041 | _ageo | ||
| 080 | _a1(09) თ-41 | ||
| 100 |
_aთევზაძე, გურამ. _96900 |
||
| 245 |
_aახალი ფილოსოფიის ისტორია = A History Of Modern Philosophy : _bნაწილი 2: (ფრიდრიხ ნიცშემდე იმანუელ კანტამდე) / _cგურამ თევზაძე ; რედ.: თენგიზ ირემაძე ; ნინო ფიფია ; ჰელმუტ შნაიდერი. |
||
| 264 |
_aთბილისი : _bნეკერი, _c2012. |
||
| 300 |
_a428 გვ.: _c20 სმ. |
||
| 500 | _aსახელთა საძიებელი: გვ. 413-421. | ||
| 504 | _aბიბლიოგრ. და შენიშვნ.: გვ. 388-412 | ||
| 520 | _aრეზ. ინგლ. | ||
| 653 | _aფილოსოფია | ||
| 653 | _aფილოსოფიის ისტორია. | ||
| 700 |
_aირემაძე, თენგიზ _eრედაქტორი _92229 |
||
| 700 |
_4ფიფია, ნინო _eრედაქტორი _96901 |
||
| 700 |
_aშნაიდერი, ჰელმუტ _eრედაქტორი _95939 |
||
| 942 |
_cBK _2udc |
||